<?xml version="1.0" encoding="UTF-8"?>
<record
    xmlns:xsi="http://www.w3.org/2001/XMLSchema-instance"
    xsi:schemaLocation="http://www.loc.gov/MARC21/slim http://www.loc.gov/standards/marcxml/schema/MARC21slim.xsd"
    xmlns="http://www.loc.gov/MARC21/slim">

  <leader>00328nam a22001097a 4500</leader>
  <controlfield tag="008">220110b        |||||||| |||| 00| 0 eng d</controlfield>
  <datafield tag="245" ind1=" " ind2=" ">
    <subfield code="a">Rig Tshoel : Research Journal of the Royal Thimphu College</subfield>
  </datafield>
  <datafield tag="260" ind1=" " ind2=" ">
    <subfield code="a">Thimphu :</subfield>
    <subfield code="b">Royal Thimphu College,</subfield>
    <subfield code="c">2021.</subfield>
  </datafield>
  <datafield tag="300" ind1=" " ind2=" ">
    <subfield code="a">154 p.</subfield>
    <subfield code="b">Vol.4 No.1</subfield>
    <subfield code="c">24 cm.</subfield>
  </datafield>
  <datafield tag="650" ind1=" " ind2=" ">
    <subfield code="a">Rig tshoel</subfield>
  </datafield>
  <datafield tag="942" ind1=" " ind2=" ">
    <subfield code="2">ddc</subfield>
  </datafield>
  <datafield tag="999" ind1=" " ind2=" ">
    <subfield code="c">8917</subfield>
    <subfield code="d">8918</subfield>
  </datafield>
  <datafield tag="952" ind1=" " ind2=" ">
    <subfield code="0">0</subfield>
    <subfield code="1">0</subfield>
    <subfield code="2">ddc</subfield>
    <subfield code="4">0</subfield>
    <subfield code="7">0</subfield>
    <subfield code="8">SPECIAL COLLECTIONS</subfield>
    <subfield code="a">RTCLIB</subfield>
    <subfield code="b">RTCLIB</subfield>
    <subfield code="c">SPECIAL COLLECTIONS</subfield>
    <subfield code="d">2022-01-10</subfield>
    <subfield code="h">16272</subfield>
    <subfield code="p">30015196</subfield>
    <subfield code="r">2022-01-10 00:00:00</subfield>
    <subfield code="w">2022-01-10</subfield>
    <subfield code="y">SPCOLL</subfield>
  </datafield>
  <datafield tag="952" ind1=" " ind2=" ">
    <subfield code="0">0</subfield>
    <subfield code="1">0</subfield>
    <subfield code="2">ddc</subfield>
    <subfield code="4">0</subfield>
    <subfield code="7">0</subfield>
    <subfield code="8">PERIODICALS</subfield>
    <subfield code="a">RTCLIB</subfield>
    <subfield code="b">RTCLIB</subfield>
    <subfield code="c">PERIODICALS</subfield>
    <subfield code="d">2022-01-10</subfield>
    <subfield code="h">16273</subfield>
    <subfield code="l">1</subfield>
    <subfield code="o">Periodical  Serials</subfield>
    <subfield code="p">30015186</subfield>
    <subfield code="r">2026-05-04 04:16:35</subfield>
    <subfield code="s">2026-04-29</subfield>
    <subfield code="w">2022-01-10</subfield>
    <subfield code="y">PERIODICAL</subfield>
  </datafield>
  <datafield tag="952" ind1=" " ind2=" ">
    <subfield code="0">0</subfield>
    <subfield code="1">0</subfield>
    <subfield code="2">ddc</subfield>
    <subfield code="4">0</subfield>
    <subfield code="7">0</subfield>
    <subfield code="8">PERIODICALS</subfield>
    <subfield code="a">RTCLIB</subfield>
    <subfield code="b">RTCLIB</subfield>
    <subfield code="c">PERIODICALS</subfield>
    <subfield code="d">2022-01-10</subfield>
    <subfield code="h">16274</subfield>
    <subfield code="l">1</subfield>
    <subfield code="o">Periodical  Serials</subfield>
    <subfield code="p">30015088</subfield>
    <subfield code="r">2023-05-05 00:00:00</subfield>
    <subfield code="s">2023-04-26</subfield>
    <subfield code="w">2022-01-10</subfield>
    <subfield code="y">PERIODICAL</subfield>
  </datafield>
  <datafield tag="952" ind1=" " ind2=" ">
    <subfield code="0">0</subfield>
    <subfield code="1">0</subfield>
    <subfield code="2">ddc</subfield>
    <subfield code="4">0</subfield>
    <subfield code="7">0</subfield>
    <subfield code="8">PERIODICALS</subfield>
    <subfield code="a">RTCLIB</subfield>
    <subfield code="b">RTCLIB</subfield>
    <subfield code="c">PERIODICALS</subfield>
    <subfield code="d">2022-01-10</subfield>
    <subfield code="h">16275</subfield>
    <subfield code="l">1</subfield>
    <subfield code="o">Periodical  Serials</subfield>
    <subfield code="p">30015195</subfield>
    <subfield code="r">2024-06-18 00:00:00</subfield>
    <subfield code="s">2024-06-06</subfield>
    <subfield code="w">2022-01-10</subfield>
    <subfield code="y">PERIODICAL</subfield>
  </datafield>
  <datafield tag="952" ind1=" " ind2=" ">
    <subfield code="0">0</subfield>
    <subfield code="1">0</subfield>
    <subfield code="2">ddc</subfield>
    <subfield code="4">0</subfield>
    <subfield code="7">0</subfield>
    <subfield code="8">PERIODICALS</subfield>
    <subfield code="a">RTCLIB</subfield>
    <subfield code="b">RTCLIB</subfield>
    <subfield code="c">PERIODICALS</subfield>
    <subfield code="d">2022-01-10</subfield>
    <subfield code="h">16276</subfield>
    <subfield code="o">Periodical  Serials</subfield>
    <subfield code="p">30015007</subfield>
    <subfield code="r">2022-01-10 00:00:00</subfield>
    <subfield code="w">2022-01-10</subfield>
    <subfield code="y">PERIODICAL</subfield>
  </datafield>
  <datafield tag="952" ind1=" " ind2=" ">
    <subfield code="0">0</subfield>
    <subfield code="1">0</subfield>
    <subfield code="2">ddc</subfield>
    <subfield code="4">0</subfield>
    <subfield code="7">0</subfield>
    <subfield code="8">PERIODICALS</subfield>
    <subfield code="a">RTCLIB</subfield>
    <subfield code="b">RTCLIB</subfield>
    <subfield code="c">PERIODICALS</subfield>
    <subfield code="d">2024-10-24</subfield>
    <subfield code="h">18983</subfield>
    <subfield code="o">Periodical Serials</subfield>
    <subfield code="p">30020123</subfield>
    <subfield code="r">2024-10-24 00:00:00</subfield>
    <subfield code="w">2024-10-24</subfield>
    <subfield code="y">PERIODICAL</subfield>
    <subfield code="z">Donated by Ma'am Registrar, Dechen Dolkar.</subfield>
  </datafield>
</record>
